| 000 | 01329nam0a2200313 4500 | ||
|---|---|---|---|
| 001 | RU\NLR\bibl\859462 | ||
| 005 | 20260405112727.0 | ||
| 010 |
_a5-86064-089-7 _93000 |
||
| 021 |
_aRU _b2005-58575 _92865 |
||
| 035 | _a(NLR Aleph) 000848161 | ||
| 090 |
_a1462959 _c1462959 |
||
| 100 | _a20051024d2005 |||y0rusy50 ca | ||
| 101 | 0 | _arus | |
| 102 | _aRU | ||
| 105 | _aa ||||||||| | ||
| 200 | 1 |
_aДоктор Еж дает совет _e[сказки-подсказки, базовые тексты, сценарии, стихи, пьесы _eкнига для педагогов и родителей] _fБ.В. Соколов |
|
| 210 |
_aСмоленск _cСмоленский полиграфический комбинат _cИзд-во Смол. гос. ин-та физ. культуры _d2005 |
||
| 215 |
_a158 с. _cил. _d21 |
||
| 225 | 1 | _aЕжевиада | |
| 606 | 1 |
_aШкольники _xВоспитание полезных привычек _92156921 _3RU\NLR\auth\661298419 |
|
| 686 | _aЧ421.354 | ||
| 700 | 1 |
_4070 _8rus _7ca _aСоколов _bБ. В. _cдет. писатель _gБорис Венедиктович _3RU\NLR\auth\7743518 _926461 |
|
| 801 | 0 |
_aRU _bNLR _c20051024 _grcr |
|
| 801 | 1 |
_aRU _bNLR _c20051024 |
|
| 830 | _aавт. по кн. | ||
| 942 | _cBOOK | ||
| 980 | _aNB | ||
| 980 | _aNBR | ||